Library of the University of Algiers 3
Ibrahim Sultan Cheibout
شعار جامعة الجزائر 3
مكتبة جامعة الجزائر 3
إبراهيم سلطان شيبوط

أحكام الإلتزام / (رقم التسجيلة. 42971)

تفاصيل مارك
000 -LEADER
fixed length control field 01393nam a2200217Ia 4500
003 - CONTROL NUMBER IDENTIFIER
control field Ost
005 - DATE AND TIME OF LATEST TRANSACTION
control field 20260507075114.0
008 - FIXED-LENGTH DATA ELEMENTS--GENERAL INFORMATION
fixed length control field 260507s9999||||xx |||||||||||||| ||und||
040 ## - CATALOGING SOURCE
Transcribing agency fsecg
041 ## - LANGUAGE CODE
Language code of text/sound track or separate title ara
082 ## - DEWEY DECIMAL CLASSIFICATION NUMBER
Classification number 330
100 ## - MAIN ENTRY--PERSONAL NAME
Personal name سعد، نبيل ابراهيم
Relator term مؤلف
245 #0 - TITLE STATEMENT
Title أحكام الإلتزام /
Statement of responsibility, etc. نبيل ابراهيم سعد
260 ## - PUBLICATION, DISTRIBUTION, ETC.
Place of publication, distribution, etc. الاسكندرية:
Name of publisher, distributor, etc. دار الجامعة الجديدة,
Date of publication, distribution, etc. 2002
300 ## - PHYSICAL DESCRIPTION
Extent 492 صفحة؛
Other physical details إيضاحات ؛
Dimensions 24 سم
490 ## - SERIES STATEMENT
Series statement المكتبة القانونية
520 ## - SUMMARY, ETC.
Summary, etc. التنفيذ العيني،التنفيذ بمقابل،الوسائل التي تكفل تنفيذ الالتزام،الالتزام الطبيعي،الأوصاف أو القيود المعدلة لأثر الالتزام،الالتزام البسيط والالتزام الموصوف،تعدد محل الالتزام،الالتزام التخييري،الالتزام البدلي،تعدد طرفي الالتزام،التضامن،التضامن السلبي،التضامم،التضامن الإيجابي،حوالة الحق،آثار الحوالة،حوالة الدين،التنازل عن العقد،أحكام التنازل عن العقد،انقضاء الالتزام
653 ## - INDEX TERM--UNCONTROLLED
Uncontrolled term الالتزامات
700 ## - ADDED ENTRY--PERSONAL NAME
Personal name منصور، محمد حسين
Relator term مؤلف ثانوي
942 ## - ADDED ENTRY ELEMENTS (KOHA)
Koha item type كتب
المقتنيات
Withdrawn status Lost status Source of classification or shelving scheme Damaged status Not for loan Home library Current library Date acquired Serial enumeration / chronology Inventory number Total checkouts Full call number Barcode Date last seen Price effective from Koha item type
    Dewey Decimal Classification   NOT LOAN / إعارة داخلية مكتبة كلية العلوم الإقتصادية والعلوم التجارية وعلوم التسيير مكتبة كلية العلوم الإقتصادية والعلوم التجارية وعلوم التسيير 07/05/2026 الطابق الأرضي 1/1582   أ/1582ن1 1/1582 07/05/2026 07/05/2026 كتب

موارد الويب المفتوحة


© University of Algiers 3 All Rights Reserved
|
Implemented by LECHELAH Riad